<?xml version="1.0" encoding="UTF-8"?>
<record
    xmlns:xsi="http://www.w3.org/2001/XMLSchema-instance"
    xsi:schemaLocation="http://www.loc.gov/MARC21/slim http://www.loc.gov/standards/marcxml/schema/MARC21slim.xsd"
    xmlns="http://www.loc.gov/MARC21/slim">

  <leader>00400    a2200157   4500</leader>
  <datafield tag="952" ind1=" " ind2=" ">
    <subfield code="0">0</subfield>
    <subfield code="1">0</subfield>
    <subfield code="4">0</subfield>
    <subfield code="7">0</subfield>
    <subfield code="8">NFIC</subfield>
    <subfield code="a">CCL</subfield>
    <subfield code="b">CCL</subfield>
    <subfield code="c">GEN</subfield>
    <subfield code="d">2021-03-17</subfield>
    <subfield code="i">18563</subfield>
    <subfield code="l">1</subfield>
    <subfield code="o">PR9898 MUF 2003</subfield>
    <subfield code="p">003503</subfield>
    <subfield code="r">2023-12-11 00:00:00</subfield>
    <subfield code="s">2023-12-03</subfield>
    <subfield code="t">c.1</subfield>
    <subfield code="w">2021-03-17</subfield>
    <subfield code="y">BK</subfield>
  </datafield>
  <datafield tag="952" ind1=" " ind2=" ">
    <subfield code="0">0</subfield>
    <subfield code="1">0</subfield>
    <subfield code="4">0</subfield>
    <subfield code="7">0</subfield>
    <subfield code="8">NFIC</subfield>
    <subfield code="a">CCL</subfield>
    <subfield code="b">CCL</subfield>
    <subfield code="c">GEN</subfield>
    <subfield code="d">2021-03-17</subfield>
    <subfield code="i">18561</subfield>
    <subfield code="l">0</subfield>
    <subfield code="o">PR9898 MUF 2003</subfield>
    <subfield code="p">003504</subfield>
    <subfield code="r">2021-03-17 00:00:00</subfield>
    <subfield code="t">c.2</subfield>
    <subfield code="w">2021-03-17</subfield>
    <subfield code="y">BK</subfield>
  </datafield>
  <datafield tag="952" ind1=" " ind2=" ">
    <subfield code="0">0</subfield>
    <subfield code="1">0</subfield>
    <subfield code="4">0</subfield>
    <subfield code="7">0</subfield>
    <subfield code="8">NFIC</subfield>
    <subfield code="a">CCL</subfield>
    <subfield code="b">CCL</subfield>
    <subfield code="c">GEN</subfield>
    <subfield code="d">2021-03-17</subfield>
    <subfield code="i">19246</subfield>
    <subfield code="l">1</subfield>
    <subfield code="o">PR9898 MUF 2003</subfield>
    <subfield code="p">002741</subfield>
    <subfield code="r">2024-04-19 00:00:00</subfield>
    <subfield code="s">2024-04-12</subfield>
    <subfield code="t">c.3</subfield>
    <subfield code="w">2021-03-17</subfield>
    <subfield code="y">BK</subfield>
  </datafield>
  <datafield tag="952" ind1=" " ind2=" ">
    <subfield code="0">0</subfield>
    <subfield code="1">0</subfield>
    <subfield code="4">0</subfield>
    <subfield code="7">0</subfield>
    <subfield code="8">NFIC</subfield>
    <subfield code="a">CCL</subfield>
    <subfield code="b">CCL</subfield>
    <subfield code="c">GEN</subfield>
    <subfield code="d">2021-03-17</subfield>
    <subfield code="i">18560</subfield>
    <subfield code="l">1</subfield>
    <subfield code="o">PR9898 MUF 2003</subfield>
    <subfield code="p">003499</subfield>
    <subfield code="r">2025-08-25 15:54:47</subfield>
    <subfield code="s">2025-08-19</subfield>
    <subfield code="t">c.5</subfield>
    <subfield code="w">2021-03-17</subfield>
    <subfield code="y">BK</subfield>
  </datafield>
  <datafield tag="952" ind1=" " ind2=" ">
    <subfield code="0">0</subfield>
    <subfield code="1">0</subfield>
    <subfield code="4">0</subfield>
    <subfield code="7">0</subfield>
    <subfield code="8">NFIC</subfield>
    <subfield code="a">CCL</subfield>
    <subfield code="b">CCL</subfield>
    <subfield code="c">GEN</subfield>
    <subfield code="d">2021-03-17</subfield>
    <subfield code="i">18562</subfield>
    <subfield code="l">1</subfield>
    <subfield code="o">PR9898 MUF 2003</subfield>
    <subfield code="p">003502</subfield>
    <subfield code="r">2023-12-11 00:00:00</subfield>
    <subfield code="s">2023-12-03</subfield>
    <subfield code="t">c.6</subfield>
    <subfield code="w">2021-03-17</subfield>
    <subfield code="y">BK</subfield>
  </datafield>
  <datafield tag="999" ind1=" " ind2=" ">
    <subfield code="c">4599</subfield>
    <subfield code="d">4599</subfield>
  </datafield>
  <datafield tag="020" ind1=" " ind2=" ">
    <subfield code="a">0974235709</subfield>
  </datafield>
  <datafield tag="050" ind1=" " ind2=" ">
    <subfield code="a">PR9898 MUF 2003</subfield>
  </datafield>
  <datafield tag="100" ind1=" " ind2=" ">
    <subfield code="a">Mufuka, Kenneth</subfield>
    <subfield code="e">author</subfield>
  </datafield>
  <datafield tag="245" ind1=" " ind2=" ">
    <subfield code="a">Matters of Dignity /</subfield>
    <subfield code="c">Kenneth Mufuka</subfield>
  </datafield>
  <datafield tag="264" ind1=" " ind2=" ">
    <subfield code="a">Harare:</subfield>
    <subfield code="b">Anvil Press,</subfield>
    <subfield code="c">1993.</subfield>
  </datafield>
  <datafield tag="300" ind1=" " ind2=" ">
    <subfield code="a">142p. :</subfield>
  </datafield>
  <datafield tag="500" ind1=" " ind2=" ">
    <subfield code="a">Novel</subfield>
  </datafield>
  <datafield tag="650" ind1=" " ind2=" ">
    <subfield code="a">Short Stories---English</subfield>
  </datafield>
  <datafield tag="651" ind1=" " ind2=" ">
    <subfield code="a">Zimbabwe</subfield>
  </datafield>
  <datafield tag="942" ind1=" " ind2=" ">
    <subfield code="2">lcc</subfield>
    <subfield code="c">BK</subfield>
    <subfield code="h">9898</subfield>
    <subfield code="i">MUF</subfield>
    <subfield code="k">PR</subfield>
  </datafield>
</record>
